000 00456cam a22001337a 4500
008 180718b1982 xxu||||| |||| 00| 0 eng d
082 _aBA27x54 J78
100 _aJoshi, Barbara R.
245 _aDemocracy in search of equality: untouchable politics and Indian social change
_cby Barbara R. Joshi
260 _aDelhi
_bHundustan Publishing Corporation
_c1982
300 _axiv, 200p
650 _aIndia --Social conditions --1947-
650 _aDalits --India
999 _c422802
_d422802